| 000 | 00854cab a2200253 4500 | ||
|---|---|---|---|
| 001 | ABS37607 | ||
| 008 | 090401t1987 xxu||||| |||| 00| 0 eng d | ||
| 035 | _a(Sirsi) u5534 | ||
| 041 | _aeng | ||
| 110 |
_aRoyal Institution of Chartered Surveyors _bInsurance Services _9643 |
||
| 245 | _aBloody - but unbowed | ||
| 260 | _c1987 | ||
| 350 | _a0 | ||
| 490 |
_aChartered Surveyor Weekly _v19(4) 23 April 1987, 33-34(2) |
||
| 520 | _aA consideration of the insurance implications arising from the decision Smith v Eric S.Bush , CA 1987(282) EG 326, and its likely effects on the future handling of claims arising out of mortgage valuation reports. | ||
| 650 | _aDISCLAIMERS | ||
| 650 | _aLIABILITY | ||
| 650 | _aNEGLIGENCE | ||
| 650 | _aSURVEYORS | ||
| 650 |
_aValuation _96273 |
||
| 690 |
_aINSURANCE _96249 |
||
| 942 | _n0 | ||
| 948 | _c04/03/1997 | ||
| 999 |
_c3299 _d3299 |
||